Экономика и управление: российский и международный опыт (Запись № 1423998)

Подробности
000 -МАРКЕР
контрольное поле 02143nam0a2200361 4500
001 - ИДЕНТИФИКАТОР ЗАПИСИ
контрольное поле RU\NLR\bibl\1155288
005 - ИДЕНТИФИКАТОР ВЕРСИИ
контрольное поле 20071220151403.0
010 ## - МЕЖДУНАРОДНЫЙ СТАНДАРТНЫЙ НОМЕР КНИГИ (ISBN)
Номер (ISBN) 9785-94895-051-8
Тираж 300
021 ## - НОМЕР ГОСУДАРСТВЕННОЙ РЕГИСТРАЦИИ
Код страны Российская Федерация
Номер 2007-70539
Номер Листа государственной регистраци 3790
035 ## - ДРУГИЕ СИСТЕМНЫЕ НОМЕРА
Идентификатор записи (NLR Aleph) 001142065
100 ## - ДАННЫЕ ОБЩЕЙ ОБРАБОТКИ
Данные общей обработки 20071116d2007 k y0rusy50 ca
101 0# - ЯЗЫК РЕСУРСА
Язык текста, звукозаписи и т.д. русский
102 ## - СТРАНА ПУБЛИКАЦИИ ИЛИ ПРОИЗВОДСТВА
Страна публикации Российская Федерация
105 ## - ПОЛЕ КОДИРОВАННЫХ ДАННЫХ: ТЕКСТОВЫЕ МАТЕРИАЛЫ, МОНОГРАФИЧЕСКИЕ
Кодированные данные о монографическом текстовом документе a |||||||||
200 1# - ЗАГЛАВИЕ И СВЕДЕНИЯ ОБ ОТВЕТСТВЕННОСТИ
Основное заглавие Экономика и управление: российский и международный опыт
Сведения, относящиеся к заглавию сборник научных трудов
-- [памяти выдающегося российского ученого, Заслуженного деятеля науки Олега Петровича Литовки (1938-2007)]
Первые сведения об ответственности Гос. образоват. учреждение высш. проф. образования "Ленингр. обл. ин-т экономики и финансов"
Последующие сведения об ответственности под ред. проф. Р.Н. Авербуха, проф. В.Р. Ковалева
210 ## - ПУБЛИКАЦИЯ, РАСПРОСТРАНЕНИЕ И ДР.
Место издания, распространения и т.д. Гатчина
Имя издателя, распространителя и т. д. ЛОИЭФ
Дата издания, распространения и т.д. 2007
215 ## - ФИЗИЧЕСКАЯ ХАРАКТЕРИСТИКА
Специфическое обозначение материала и объем 212 с., [1] л. портр.
Другие сведения о физической характеристике ил., портр.
Размеры 21
320 ## - ПРИМЕЧАНИЯ О НАЛИЧИИ В ДОКУМЕНТЕ БИБЛИОГРАФИИ / УКАЗАТЕЛЯ
Текст примечания Библиогр. в конце ст.
606 1# - НАИМЕНОВАНИЕ ТЕМЫ КАК ПРЕДМЕТ
Наименование темы Окружающая среда
Тематический подзаголовок Охрана
Формальный подзаголовок Сборники
Код системы nlr_sh2
Идентификатор авторитетной/нормативной записи RU\NLR\auth\6641170
606 1# - НАИМЕНОВАНИЕ ТЕМЫ КАК ПРЕДМЕТ
Наименование темы Инновационная деятельность
Тематический подзаголовок Управление
Географический подзаголовок Российская Федерация
Формальный подзаголовок Сборники
Код системы nlr_sh2
Идентификатор авторитетной/нормативной записи RU\NLR\auth\661404260
607 ## - ГЕОГРАФИЧЕСКОЕ НАИМЕНОВАНИЕ КАК ПРЕДМЕТ
Географическое наименование Российская Федерация
Тематический подзаголовок Народное хозяйство
-- Управление
Формальный подзаголовок Сборники
Код системы nlr_sh2
Идентификатор авторитетной/нормативной записи RU\NLR\auth\661248997
686 ## - ИНДЕКСЫ ДРУГИХ КЛАССИФИКАЦИЙ
Индекс У28(0)1я43
686 ## - ИНДЕКСЫ ДРУГИХ КЛАССИФИКАЦИЙ
Индекс У5-55-21я43
686 ## - ИНДЕКСЫ ДРУГИХ КЛАССИФИКАЦИЙ
Индекс У21(2)9(2Р)я43
702 #1 - ИМЯ ЛИЦА - ВТОРИЧНАЯ ОТВЕТСТВЕННОСТЬ
Начальный элемент ввода Авербух
Часть имени, кроме начального элемента ввода Р. Н.
Расширение инициалов личного имени Роман Наумович
Код отношения Редактор
702 #1 - ИМЯ ЛИЦА - ВТОРИЧНАЯ ОТВЕТСТВЕННОСТЬ
Начальный элемент ввода Литовка
Часть имени, кроме начального элемента ввода О. П.
Даты 1938-2007
Расширение инициалов личного имени Олег Петрович
Код отношения Прочие
712 02 - НАИМЕНОВАНИЕ ОРГАНИЗАЦИИ - ВТОРИЧНАЯ ОТВЕТСТВЕННОСТЬ
Начальный элемент ввода Ленинградский областной институт экономики и финансов
Идентифицирующий признак Гатчина
Идентификатор авторитетной/нормативной записи RU\NLR\AUTH\8810016875
Код отношения Издающая организация
801 #0 - ИСТОЧНИК ЗАПИСИ
Страна Российская Федерация
Организация NLR
Дата составления 20071116
Правила каталогизации RCR
801 #1 - ИСТОЧНИК ЗАПИСИ
Страна Российская Федерация
Организация NLR
Дата составления 20071116
942 ## - ДОПОЛНИТЕЛЬНЫЕ ЭЛЕМЕНТЫ ЗАПИСИ (АБИС)
Тип экземпляра АБИС Неопределено
980 ## - КОЛЛЕКЦИЯ
Название коллекции Национальная библиография
Экземпляры
Тип экземпляра Дата поступления Источник поступления Библиотека постоянного хранения Библиотека текущего хранения Место хранения Шифр хранения Штрих-код Статус экземпляра
Книга 16.11.2007 Обязательный экземпляр РНБ (Московский) РНБ (Московский) Русский книжный фонд: издания с 1957 года 2007-3/31782 2550520  
Книга 25.01.2008 Обязательный экземпляр РНБ (Московский) РНБ (Московский) Русский книжный фонд: издания с 1957 года 2007-3/31782 2591766